| 000 | 00776nam a22002537a 4500 | ||
|---|---|---|---|
| 005 | 20170124110037.0 | ||
| 010 | _aB-089759 | ||
| 020 | _c00.00 | ||
| 035 | _aB-089759 | ||
| 037 | _bCen Lib/Ret | ||
| 040 |
_aDPL _bEN |
||
| 082 |
_a808.066 _bPAU |
||
| 100 |
_aPauley, Steven E. _922909 |
||
| 245 |
_aTechnical report writing today / _cby Steven E.Pauley [and] Daniel G.Riordan |
||
| 250 | _a5th ed | ||
| 260 |
_a Delhi _bA.I.T.B.S. publishars _c2004 |
||
| 270 |
_aJ-5/6,Krishna Nagar _bDelhi _e110051 |
||
| 300 |
_a500p. _c21cm(Hb) |
||
| 500 | _aIncludes bibliographical reference and index | ||
| 650 |
_a Writing-Technical _922910 |
||
| 650 |
_aTechnical writing _916052 |
||
| 700 |
_aRiordan, Daniel G. _922863 |
||
| 942 |
_2ddc _cEN _h808.066 _mPAU |
||
| 999 |
_c128274 _d128274 |
||